00723nam a2200133Ia 4500008004100000020001400041040004400055100001900099245015800118260002900276300002300305600024600328999001500574180412s9999||||xx |||||||||||||| ||und|| a333217470 aAhmadu Bello University Library - Zaria aBAILLIE, T. A. 0aStable isotopes: applications in pharmacology, toxicology and clinical research: international symposium: London: 3-4 January, 1977.cT. A. Baillie (Ed.) aLondon.bMacmillanc1978 axiii, 314p.: ill., aCongresses, conferences, conventions, symposia.;Effects of isotopes due to their physical properties.;Isotopes in medicine, toxicology, physiology, biochemistry, biology, etc.;Natural science;Radiology and Atomic Energy;Radioactive isotopes. c2108d2108